Statistics for WWE Complete The Card: WrestleMania 37

Click here to take the quiz!

General Stats

  • This quiz has been taken 8 times
  • The average score is 13 of 35

Answer Stats

HintAnswer% Correct
Universal ChampionshipRoman Reigns
75%
Intercontinental ChampionshipBig E
50%
Universal ChampionshipDaniel Bryan
50%
Universal ChampionshipEdge
50%
RAW Tag Team ChampionshipOmos
50%
Singles MatchRandy Orton
50%
RAW Women's ChampionshipRhea Ripley
50%
RAW Tag Team ChampionshipAJ Styles
38%
RAW Women's ChampionshipAsuka
38%
Tag Team MatchBad Bunny
38%
SmackDown Women's ChampionshipBianca Belair
38%
WWE ChampionshipBobby Lashley
38%
Steel Cage MatchBraun Strowman
38%
WWE ChampionshipDrew McIntyre
38%
Singles MatchKevin Owens
38%
RAW Tag Team ChampionshipKofi Kingston
38%
United States ChampionshipRiddle
38%
Singles MatchSami Zayn
38%
SmackDown Women's ChampionshipSasha Banks
38%
Singles MatchSeth Rollins
38%
Steel Cage MatchShane McMahon
38%
Women's Tag Team Turmoil Match WinnersTamina
38%
Women's Tag Team ChampionshipTamina
38%
Tag Team MatchThe Miz
38%
RAW Tag Team ChampionshipXavier Woods
38%
Singles MatchBray Wyatt
25%
Singles MatchCesaro
25%
Tag Team MatchDamian Priest
25%
Tag Team MatchJohn Morrison
25%
Women's Tag Team ChampionshipNatalya
25%
Women's Tag Team Turmoil Match WinnersNatalya
25%
Women's Tag Team ChampionshipNia Jax
25%
Women's Tag Team ChampionshipShayna Baszler
25%
United States ChampionshipSheamus
25%
Intercontinental ChampionshipApollo Crews
13%

Score Distribution

Percentile by Number Answered

Percent of People with Each Score

Your Score History

You have not taken this quiz